000 00528nam a2200205Ia 4500
003 OSt
005 20260603101258.0
008 210210b1999 xxu||||| |||| 00| 0 eng d
040 _cAL
041 _aEnglish
082 _a658.022 DESS
100 _aDESAI (Vasant)
_9265056
245 _aSmall scale enterprises: V3 Projects: profile and process
260 _aBangalore.
_bHimalaya Publishing House
_c1999
300 _a592
440 _a3
_9265057
690 _aManagement
_9265067
906 _a054361
942 _2ddc
_cBK
999 _c102452
_d102452